Hội thảo quốc gia bệnh cây và sinh học phân tử Lần thứ ba, Đại học Nông nghiệp I Hà Nội, 10/6/2004

Kỷ yếu tập hợp các báo cáo trình bày trong hội thảo quốc gia về bệnh cây và sinh học phân tử lần thứ ba. Hội thảo tập trung vào hai vấn đề lơn thuocó dùng trogn bảo vệ thực vật và các thông tin mới trong lĩnh vực bệnh lý thực vật và...

Cijeli opis

Spremljeno u:
Bibliografski detalji
Autor kompanije: Hội sinh học phân tử bệnh lý thực vật Việt Nam
Format: Knjiga
Jezik:Undetermined
Izdano: Hà Nội Nông nghiệp 2005
Teme:
Oznake: Dodaj oznaku
Bez oznaka, Budi prvi tko označuje ovaj zapis!
Thư viện lưu trữ: Trung tâm Học liệu Trường Đại học Cần Thơ
LEADER 01460nam a2200229Ia 4500
001 CTU_140911
008 210402s9999 xx 000 0 und d
082 |a 632.3 
082 |b H452/3rd 
110 |a Hội sinh học phân tử bệnh lý thực vật Việt Nam 
245 0 |a Hội thảo quốc gia bệnh cây và sinh học phân tử 
245 0 |b Lần thứ ba, Đại học Nông nghiệp I Hà Nội, 10/6/2004 
245 0 |c Hội sinh học phân tử bệnh lý thực vật Việt Nam (VNPPS); chủ trì hội thảo: Vũ Triệu Mân, Nguyễn Quang Minh 
260 |a Hà Nội 
260 |b Nông nghiệp 
260 |c 2005 
520 |a Kỷ yếu tập hợp các báo cáo trình bày trong hội thảo quốc gia về bệnh cây và sinh học phân tử lần thứ ba. Hội thảo tập trung vào hai vấn đề lơn thuocó dùng trogn bảo vệ thực vật và các thông tin mới trong lĩnh vực bệnh lý thực vật và một số biện pháp bảo vệ thực vật không dùng thuốc 
650 |a Plant molecular biology.,Pesticides,Sinh học phân tử thực vật,Thuốc trừ sâu 
650 |x Application 
650 |z Vietnam,Việt Nam,Sử dụng 
904 |i Huỳnh Mai 
980 |a Trung tâm Học liệu Trường Đại học Cần Thơ